El lenguaje de los jóvenes. Características del lenguaje de los sms, blogs y foros en español bakalárska práca

Na minha lista:
Detalhes bibliográficos
Autor principal: Vargová, Nikola
Autor Corporativo: Fakulta aplikovaných jazykov EU v Bratislave. Katedra románskych a slovanských jazykov
Outros Autores: Spišiaková, Mária, 1973-
Formato: Livro
Idioma:espanhol
Publicado em: Bratislava 2017
Tags: Adicionar Tag
Sem tags, seja o primeiro a adicionar uma tag!

MARC

LEADER 00000nbm a2200000 4500
001 0233640
005 20220824121151.9
041 0 |a spa 
044 |a SK 
245 1 0 |a El lenguaje de los jóvenes. Características del lenguaje de los sms, blogs y foros en español  |b bakalárska práca  |c Nikola Vargová ; školiteľ: Mária Spišiaková 
264 1 |a Bratislava  |c 2017 
300 |a 53 s. 
100 1 |a Vargová, Nikola 
700 1 |a Spišiaková, Mária, 1973- 
710 2 |a Fakulta aplikovaných jazykov EU v Bratislave. Katedra románskych a slovanských jazykov